000
00323nam a2200145Ia 4500
008
150201s2010 xx 000 0 und d
082
_a
616.01
_b
M11P
100
_a
PTU
245
_a
MICROBIOLOGY
250
_a
1ST
260
_b
SUPPORT SERVICES
_a
GGN
_c
2010
300
_a
1-134
650
_a
MICROBIOLOGY
942
_2
ddc
_c
BK
999
_c
1367
_d
1367